Państwa o największym udziale usług w PKB - Statystyki

Ogólne statystyki
  • Ten quiz został rozwiązany 10 razy
  • Średni wynik to 12 z 15
Statystyki odpowiedzi
% PKB Państwo % Poprawnych
80% Stany Zjednoczone
100%
77,5% Cypr
88%
83,5% Luksemburg
88%
77% Malta
88%
88,5% Monako
88%
75% Belgia
75%
74% Dania
75%
78% Francja
75%
79% Grecja
75%
72% Hiszpania
75%
71% Holandia
75%
79,5% Wielka Brytania
75%
73,5% Włochy
75%
73% Portugalia
63%
76% Bahamy
38%
Nie znaleziono quizów pasujących do podanych kryteriów
Rozkład punktacji
Procent ludzi z każdym wynikiem
Percentyl według liczby udzielonych odpowiedzi
Twoja historia wyników
Nie rozwiązałeś tego quizu